000 01147nam a22003497a 4500
003 CHAP
005 20220817042523.0
008 971013s1957 r 00010 d
010 _a47014
011 _a47986
035 _a52130
040 _cCHAP
082 _a634.95
_bF36
110 _aFAO
245 _aSilvicultura tropical
260 _aRoma :
_bFAO,
_c1957-59
300 _a3 v.
490 _aFAO. Estudios de silvicultura y productos forestales
_v; 13
590 _aBATCH-UPD
_b10
_c20130110
_lUCH01
_h0217
590 _aBATCH-UPD
_b10
_c20130110
_lUCH01
_h1653
590 _aBATCH-UPD
_b10
_c20130410
_lUCH01
_h1042
590 _aBATCH-UPD
_b10
_c20130914
_lUCH01
_h0714
590 _aCONVERSION
_b10
_c20130109
_lUCH01
_h1326
650 1 4 _aBosques
_xTrĂ³picos.
_914401
700 0 _aHaig, I. T.
_952242
830 0 _aFAO. Estudios de silvicultura y productos forestales
_v; 13
_939550
901 _aBK
942 _cLIBRO
949 _a634.95 F36
_bBC
_cFAO
_d-116296
_eFAO1
_fv.1
_h23751
_i52130
_si
949 _a634.95 F36
_bBC
_cFAO
_d-116297
_eFAO1
_fv.2
_h23752
_i52130
_si
949 _a634.95 F36
_bBC
_cFAO
_d-116298
_eFAO1
_fv.3
_h23753
_i52130
_si
999 _c47014
_d47014